MARC details
| 000 -CABECERA |
| campo de control de longitud fija |
01002nam a2200229 a 4500 |
| 001 - NÚMERO DE CONTROL |
| campo de control |
000041558 |
| 005 - FECHA Y HORA DE LA ÚLTIMA TRANSACCIÓN |
| campo de control |
20201002035634.0 |
| 008 - DATOS DE LONGITUD FIJA--INFORMACIÓN GENERAL |
| campo de control de longitud fija |
131011s2003 mm 000 0 spa d |
| 020 ## - NÚMERO INTERNACIONAL ESTÁNDAR DEL LIBRO |
| Número Internacional Estándar del Libro |
8400081272 |
| 040 ## - FUENTE DE LA CATALOGACIÓN |
| Centro catalogador/agencia de origen |
DO-SdBNP |
| Lengua de catalogación |
spa |
| Centro/agencia transcriptor |
BNPHU |
| 100 1# - ENTRADA PRINCIPAL--NOMBRE DE PERSONA |
| Nombre de persona |
Baq, Ibn |
| 9 (RLIN) |
68300 |
| 240 10 - TÍTULO UNIFORME |
| Título uniforme |
Kitab zahrat al-rawd fi taljis taqdir al-fard |
| Lenguaje de la obra |
Español-Arabe |
| 245 10 - MENCIÓN DE TÍTULO |
| Título |
Kitâb Zahrat al-rawd fî taljîs taqdîr al-fard. : |
| Resto del título |
(libro dela flor del jardín, acerca del resumen del a evaluación de la obligación) / |
| Mención de responsabilidad, etc. |
Ibn Baq; edición y estudio, Rachid El Hour. |
| 246 31 - FORMA VARIANTE DE TÍTULO |
| Título propio/Titulo breve |
Libro de la flor del jardín, acerca del resumen de la evaluación de la obligación |
| 260 ## - PUBLICACIÓN, DISTRIBUCIÓN, ETC. |
| Lugar de publicación, distribución, etc. |
Madrid, : |
| Nombre del editor, distribuidor, etc. |
Consejo Superior de Investigaciones Científicas, |
| Fecha de publicación, distribución, etc. |
2003. |
| 300 ## - DESCRIPCIÓN FÍSICA |
| Extensión |
80, [190] p. ; |
| Dimensiones |
24 cm. |
| 490 1# - MENCIÓN DE SERIE |
| Mención de serie |
Fuentes Arábico-Hispanas |
| Designación de volumen o secuencia |
29 |
| 504 ## - NOTA DE BIBLIOGRAFÍA, ETC. |
| Nota de bibliografía, etc. |
Bibliografía p: 69-78 |
| 546 ## - NOTA DE LENGUA/LENGUAJE |
| Nota de lengua/lenguaje |
Texto en Arabe (maltes) y traducido al español |
| 700 1# - PUNTO DE ACCESO ADICIONAL--NOMBRE DE PERSONA |
| Nombre de persona |
El Hour, Rachid |
| 9 (RLIN) |
67531 |
| 830 #0 - PUNTO DE ACCESO ADICIONAL DE SERIE-TÍTULO UNIFORME |
| Título uniforme |
Fuentes Arábico-Hispanas |
| Designación de volumen o secuencia |
29 |
| 9 (RLIN) |
65581 |